Statistics for Largest 4 Letter City A-Z

Click here to take the quiz!

General Stats

  • This quiz has been taken 68 times
  • The average score is 12 of 26

Answer Stats

CountryLetterPlacePopulation% Correct
PeruLLima8.8m
100%
UkraineKKiev2.9m
98%
QatarDDoha1.8m
95%
ItalyRRome2.9m
95%
AzerbaijanBBaku2.3m
91%
PalestineGGaza631k
84%
ChinaXXian7.1m
81%
IndiaAAgra1.6m
77%
ColombiaCCali2.4m
75%
JapanFFuji246k
70%
RussiaOOmsk1.1m
65%
IndiaPPune3.1m
60%
SyriaHHoms652k
42%
South KoreaJJeju389k
35%
United StatesMMesa509k
30%
ChinaZZibo3.1m
28%
SpainVVigo294k
23%
ChinaWWuhu1.6m
12%
MalaysiaIIpoh537k
9%
RussiaTTula421k
7%
JapanNNara355k
5%
MoroccoSSale890k
5%
ChinaYYiwu1.2m
5%
IndonesiaEEnde80k
2%
AngolaUUige322k
2%
IranQQods310k
0%

Score Distribution

Percentile by Number Answered

Percent of People with Each Score

Your Score History

You have not taken this quiz